|
|
|
|
| LEADER |
00000nab a2200000 a 4500 |
| 001 |
vtls008826129 |
| 003 |
SK-MaSNL |
| 005 |
20260426072708.0 |
| 008 |
060220 19770118xo d 000 0 slo |
| 015 |
|
|
|a SNBRB1977
|
| 040 |
|
|
|a SNKBUCL
|b slo
|c SNKBUCL
|e AACR2
|
| 041 |
0 |
|
|a slo
|
| 044 |
|
|
|a xo
|c SK
|
| 080 |
|
|
|a 371(437.6)
|2 2001
|
| 245 |
0 |
0 |
|a Ponúkané možnosti
|b rozhovor s Ing. Pavlom Parobekom, pracovníkom odboru školstva SKNV
|c [autor] -or-
|
| 650 |
0 |
7 |
|a školstvo
|2 snkbucl
|9 19712
|
| 651 |
|
7 |
|a Slovensko
|2 snkbucl
|9 14231
|
| 700 |
1 |
|
|a Parobek, Pavol
|4 aut
|9 278442
|
| 773 |
0 |
|
|t Smer
|g 18.1.1977, s. 4
|
| 999 |
|
|
|c 2691221
|d 2693151
|